Score 0/162 Timer 12:00
1 Play Today
% Correct
-
98.8%
~START~
98.7%
~ADD~
80.8%
PAIN
80.7%
make art
80.7%
~REMOVE~
78.5%
PAINT
78.4%
liquid measure
78.4%
~CHANGE~
77.6%
PINT
77.4%
fabric fuzz
77.4%
~CHANGE~
75%
connection
74.8%
LINT
74.8%
~ADD~
68.8%
LINK
68.6%
bat the eye
68.6%
~CHANGE~
67.7%
BLINK
67.5%
sightless
67.5%
~REMOVE~
67.4%
BLIND
67.2%
predicament
67.2%
~CHANGE~
66.9%
BIND
66.7%
make curved
66.7%
~CHANGE~
65.9%
bauble
65.8%
BEND
65.7%
~CHANGE~
53.4%
legume
53.2%
BEAD
53.2%
~CHANGE~
52.1%
BEAN
51.8%
average
51.8%
~SCRAMBLE~
51.6%
~CHANGE~
51.5%
MEAN
51.4%
lion's beard
51.4%
~CHANGE~
51.3%
MANE
51.3%
created
51.3%
method
51%
MADE
51%
~SCRAMBLE~
49%
~CHANGE~
49%
~CHANGE~
49%
round roof
48.8%
MODE
48.8%
sound
48.7%
DONE
48.7%
finished
48.7%
DOME
48.7%
~CHANGE~
47.2%
% Correct
book
47%
TONE
46.9%
~CHANGE~
44.3%
~CHANGE~
44.1%
domesticate
44%
TOME
44%
acquire
43.8%
TAME
43.8%
~CHANGE~
43.6%
~ADD~
43.5%
~CHANGE~
43.5%
ire
43.4%
~CHANGE~
43.4%
~REMOVE~
43.4%
yard tool
43.3%
TAKE
43.3%
vehicle stopper
43.2%
RAKE
43.2%
courageous
43.2%
BRAKE
43.2%
dance party
43.1%
BRAVE
43.1%
RAVE
43.1%
~CHANGE~
42%
RAGE
41.7%
wise, as advice
41.7%
~CHANGE~
40.8%
~SCRAMBLE~
40.8%
~CHANGE~
40.6%
SAGE
40.5%
gaming company
40.5%
~CHANGE~
40.5%
~ADD~
40.5%
booze
40.5%
BEAR
40.5%
BEER
40.3%
hunted mammal
40.3%
god of war
40.2%
DEER
40.2%
pass off
40.2%
AGES
40.2%
~SCRAMBLE~
39.9%
~CHANGE~
39.9%
ARES
39.7%
scorch
39.7%
SEAR
39.6%
ursine mammal
39.6%
~SCRAMBLE~
39.5%
SEGA
39.2%
grows old
39.2%
~CHANGE~
35.6%
~CHANGE~
35.4%
about 3 feet
35.3%
DETER
35.3%
% Correct
cut at an angle
35%
METER
35%
~CHANGE~
32.2%
DEFER
31.9%
dissuade
31.9%
~SCRAMBLE~
30.9%
pardon
30.6%
MITER
30.6%
~REMOVE~
29.9%
level
29.6%
TIMER
29.6%
~SCRAMBLE~
28.8%
worth
28.4%
REMIT
28.4%
~CHANGE~
28.2%
conflagration
27.8%
TIRE
27.8%
~SCRAMBLE~
27.3%
~SCRAMBLE~
27.3%
exhaust
27%
TIER
27%
countdown
27%
MERIT
27%
~CHANGE~
26.9%
price
26.5%
FIRE
26.5%
~ADD~
25.3%
~CHANGE~
25.2%
~CHANGE~
25.1%
~REMOVE~
25%
~CHANGE~
24.9%
FARE
24.9%
solar burst
24.9%
FLARE
24.8%
angry look
24.8%
GLARE
24.7%
donut coating
24.7%
~CHANGE~
24.7%
GLAZE
24.6%
non-angry look
24.6%
mist
24.6%
GAZE
24.5%
healthy
24.3%
HAZE
24.3%
~CHANGE~
23.2%
~SCRAMBLE~
23.2%
cure
22.8%
HALE
22.8%
bell sound
22.8%
HEAL
22.8%
~ADD~
21.7%
oyster's gem
21.3%
PEAL
21.3%
PEARL
21.3%
Remove Ads.
Support Sporcle.
Get the best of Sporcle when you Go Orange. This ad-free experience offers more features, more stats, and more fun while also helping to support Sporcle. Thank you for becoming a member.

You're not logged in!

Compare scores with friends on all Sporcle quizzes.
OR
Log In

Sporcle TV

Today on Sporcle TV


Watch our educational content, quiz creation guides, and fun videos on Sporcle TV.

Show Comments

Extras

Top Quizzes Today


Score Distribution

Paid Content

Your Account Isn't Verified!

In order to create a playlist on Sporcle, you need to verify the email address you used during registration. Go to your Sporcle Settings to finish the process.

Report this User

Report this user for behavior that violates our Community Guidelines.

Details: